1070 1706 1284 1718 1240 1835 1428 1595 1310 1662 1466 1965 1166 1422 1081 1908 1597 1411 1720 1954 1230 1648 1933 1285 1654 1158 1635 1881 1955 1953 1522 1188 1474 1000 1729 1153 1743 1617 1044 1917 1849 1818 1199 1286 1001 1189 1099 1644 1978 1767 1599 1665 1721 1016 1183 1463 1009 1517 1981 1362 1041 1506 1930 1715 1795 1613 1401 1736 1560 1888 1686 1777 1633 1904 1096 1595 1817 1279 1251 1653 1475 1440 1545 1999 1929 1849 1237 1309 1919 1482 1478 1153 1178 1040 1426 1475 1961 1777 1090 BCNSPRNW ULIB Ver.6.0+V

เปลี่ยนเป็นภาษาไทย

Change to English
 แสดงรายละเอียดบรรณานุกรม
  กลับหน้าหลัก

Brief Record : Get Marc (ISO 2709) : E-mail record : QR code < ปิดหน้าต่าง
LEADER : 00000nam 2200000uu 4500
001    13399129149
003     ULIB
008    250721s2567||||th 000 0 tha d
020    ^a9786164263512
050  4 ^aRA440.85^bน595ก
100 0  ^aนิทรา กิจธีระวุฒิวงษ์.
245 1   ^aการวิจัยทางสาธารณสุข : จากหลักการสู่การปฏิบัติ =^bPublic health research : from principle to practice /^cนิทรา กิจธีระวุฒิวงษ์.
246 3   ^aPublic health research : from principle to practice
250    ^aพิมพ์ครั้งที่ 4.
260    ^aกรุงเทพฯ :^bสำนักพิมพ์มหาวิทยาลัยนเรศวร,^c2567.
300    ^aก-จ, 145 หน้า :
505 0  ^a^tบทที่ 1 ความรู้ทั่วไปเกี่ยวกับการวิจัย -- บทที่ 2. จริยธรรมและจรรยาบรรณในการวิจัย -- บทที่ 3. การกำหนดปัญหาการวิจัย -- บทที่ 4. การทบทวนวรรณกรรม -- บทที่ 5. วัตถุประสงค์การวิจัย -- บทที่ 6. สมมติฐานการวิจัย -- บทที่ 7. การกำหนดตัวแปร -- บทที่ 8. การสร้างกรอบแนวคิดในการวิจัย -- บทที่ 9. ประชากรและกลุ่มตัวอย่าง -- บทที่ 10. การวิจัยแบบไม่ทดลอง -- บทที่ 11. การวิจัยแบบทดลอง -- บทที่ 12. การพัฒนาเครื่องมือและการตรวจสอบคุณภาพเครื่องมือการวิจัย -- บทที่ 13. การเก็บรวบรวมข้อมูล -- บทที่ 14. การวิเคราะห์ข้อมูล -- บทที่ 15. การเขียนรายงานการวิจัย.
650  4 ^aการพยาบาล^xวิจัย.
650  4 ^aการแพทย์^xวิจัย.
650  4 ^aวิจัยเชิงปฏิบัติการ.
650  4 ^aวิจัยปฏิบัติการ.
650  4 ^aสาธารณสุข^xวิจัย.
945    ^p450^l0^i30582
945    ^p450^l0^i30583
999    ^aกัณชพร จุลอักษร
รายการนี้ยังไม่มีแท็ก
คุณยังไม่ได้ล็อกอิน คุณสามารถมีกิจกรรมร่วมกับเว็บไซต์ได้ แต่ต้องล็อกอินก่อน ::
  ล็อกอิน

รายการสื่อสารสนเทศ

ลำดับที่ ประเภท เลขเรียก/บาร์โค้ด สถานที่ สถานะ
1. หนังสือสำรอง
หนังสือสำรอง
RA440.85 น595ก ฉ.1 
  Barcode: 30582
ห้องสมุดวิทยาเขตนครสวรรค์
►หนังสือทั่วไป:l:General Books
บนชั้น
2. วิทยาศาสตร์การแพทย์ และสุขภาพ
วิทยาศาสตร์การแพทย์ และสุขภาพ
RA440.85 น595ก ฉ.2 
  Barcode: 30583
ห้องสมุดวิทยาเขตนครสวรรค์
►หนังสือทั่วไป:l:General Books
บนชั้น

รายการใกล้เคียง
    ผู้แต่ง [นิทรา กิจธีระวุฒิวงษ์.]

    หัวเรื่อง [วิจัยเชิงปฏิบัติการ.]
    หัวเรื่อง [วิจัยปฏิบัติการ.]
    หัวเรื่อง [สาธารณสุข วิจัย.]

BibComment


ยังไม่เคยถูกคอมเมนท์

คอมเมนท์ทรัพยากรรายการนี้
  คอมเมนท์: การวิจัยทางสาธา..


 Copyright 2026. Bcnsprnw @Library